| 000 | 00630nam a2200205 a 4500 | ||
|---|---|---|---|
| 001 | 000009531 | ||
| 005 | 20240412074211.0 | ||
| 008 | 090930s1999 dr a 000 p spa d | ||
| 020 | _a9993400114 | ||
| 040 |
_aDO-SdBNP _bspa _cBNPHU |
||
| 082 |
_aRD861.44 _bA357e |
||
| 100 | 1 |
_aAldebot Reyes, Nelsy, _d1950- _924356 |
|
| 245 | 1 | 0 |
_aÉxtasis mágico / _cNelsy Aldebot Reyes. |
| 260 |
_aSanto Domingo : _bCocolo Editorial, _c1999. |
||
| 300 |
_a60 p. : _bil. ; _c21 cm. |
||
| 590 | _aInventariado, 2018/VM | ||
| 650 | 0 |
_aPoesía dominicana _966 |
|
| 650 | 0 |
_aLiteratura dominicana. _967 |
|
| 910 | _aValidado. Control de calidad BNPHU | ||
| 999 |
_c9291 _d9291 |
||